quizz retour vers le futur - Statistiques

Statistiques générales
  • Ce quiz a été pris 368 fois
  • Le résultat moyen est 9 sur 21
Statistiques - réponses
themes reponse % Correct
nom du personnage principal marty mcfly
98%
surnom doc
88%
pere du personnage principal george mcfly
80%
marque de la voiture a voyagé dans le temps delorean
78%
son surnom en 1985 einstein
74%
nom du docteur et ami du personnage principal dr emmet brown
65%
ville du personnage principal hill valley
62%
non original du chien de doc copernic
50%
film diffusé au cinéma en 2015 les dents de la mer 19
44%
realisateur de la trilogie robert zemeckis
43%
a combien de dollars s'elevnt le different entre bufford et doc 80$
38%
mere du personnage principal laurene mcfly
36%
bal de rencontre des parents de martie féerie dansante des sirenes
32%
plaque d'imatriculation de la machine outatime
31%
maire de la ville en 1985 goldie wilson
28%
copine du personnage principale jennifer parker
25%
surnom de bufford tannen mollose
18%
qui a accompagné le realisateur au scenario bob gale
11%
maire de la vile en 1955 red thomas
9%
heure a laquel l'hotel de ville est frappé par la foudre 22h04-22:04
0%
ancien metier du maire balayeur au café
0%
Aucun quiz correspondant
Distribution des résultats
% des personnes avec chaque résultat
Percentile par nombre de réponses
Votre historique - résultats
Vous n’avez pas pris ce quiz